[Event "Scarborough CC Falling Leaves U1700"]
[Site "Toronto CAN"]
[Date "2009.10.15"]
[Round "6"]
[White "Azmitia, Gabriel"]
[Black "Pishdad, Hassan"]
[Result "1-0"]
[WhiteElo "1428"]
[BlackElo "1376"]
[PlyCount "101"]
[GameId "2160767910096172"]
[EventDate "2009.11.05"]
[EventType "swiss"]
[EventRounds "7"]
[EventCountry "CAN"]
[SourceTitle "EXT 2011"]
[Source "ChessBase"]
[SourceDate "2011.11.26"]
[SourceVersion "1"]
[SourceVersionDate "2011.11.26"]
[SourceQuality "1"]

1. d4 Nf6 2. Nf3 d5 3. e3 Bg4 4. Be2 Nc6 5. Nbd2 a6 6. a3 Bd7 7. Bd3 e6 8. b3 g6 9. Bb2 Bg7 10. O-O O-O 11. Qe2 Re8 12. Ne5 Bc8 13. f4 Nxe5 14. fxe5 Nd7 15. Rf3 f5 16. Rh3 b5 17. c4 c6 18. cxd5 cxd5 19. g4 Nf8 20. Rg3 Qe7 21. Nf3 Qb7 22. h4 Re7 23. h5 Qb6 24. Kg2 Bd7 25. Bc3 a5 26. Bd2 Be8 27. Rh1 b4 28. a4 Raa7 29. Kf2 Bh8 30. Rgg1 Bg7 31. Qd1 Qd8 32. Ke2 Rac7 33. Be1 Qc8 34. Bd2 Bh8 35. gxf5 exf5 36. Nh4 Bg7 37. hxg6 hxg6 38. Nf3 Bh8 39. Qb1 Rg7 40. Ng5 Qb7 41. Rg2 Rce7 42. Rgh2 Nh7 43. Be1 Rc7 44. Ne6 Qc8 45. Nxc7 Rxc7 46. Bd2 Qb7 47. Qg1 Rg7 48. Qg2 Qc8 49. Rc1 Rc7 50. Rhh1 Rxc1 51. Rxc1 1-0

[Event "Scarborough CC Falling Leaves U1700"]
[Site "Toronto CAN"]
[Date "2009.10.15"]
[Round "6"]
[White "Farhang, Arvin"]
[Black "Yusuf, Magas"]
[Result "0-1"]
[WhiteElo "1608"]
[BlackElo "1462"]
[PlyCount "61"]
[GameId "2160767910096174"]
[EventDate "2009.11.05"]
[EventType "swiss"]
[EventRounds "7"]
[EventCountry "CAN"]
[SourceTitle "EXT 2011"]
[Source "ChessBase"]
[SourceDate "2011.11.26"]
[SourceVersion "1"]
[SourceVersionDate "2011.11.26"]
[SourceQuality "1"]

1. d4 d5 2. c4 c6 3. Nc3 Nf6 4. Nf3 Nbd7 5. e3 e6 6. a3 Be7 7. Bd3 dxc4 8. Bxc4 b5 9. Bd3 a6 10. O-O Bb7 11. Bd2 c5 12. dxc5 Nxc5 13. Be2 O-O 14. b4 Nce4 15. Nxe4 Nxe4 16. Bc1 Nc3 17. Qc2 Nxe2+ 18. Qxe2 Bf6 19. Ra2 Bd5 20. Rd2 Qe7 21. Ne1 Bc3 22. Rc2 Bc4 23. Nd3 Bf6 24. Bb2 Qd6 25. Rd1 Rad8 26. Bxf6 gxf6 27. Qg4+ Kh8 28. Nb2 Qc6 29. Rxd8 Rxd8 30. Nxc4 Ra8 31. Ne5 0-1

[Event "Scarborough CC Falling Leaves U1700"]
[Site "Toronto CAN"]
[Date "2009.10.15"]
[Round "6"]
[White "Hossain, Samir"]
[Black "Huston, Scott"]
[Result "0-1"]
[WhiteElo "1411"]
[BlackElo "1475"]
[PlyCount "52"]
[GameId "2160767910096175"]
[EventDate "2009.11.05"]
[EventType "swiss"]
[EventRounds "7"]
[EventCountry "CAN"]
[SourceTitle "EXT 2011"]
[Source "ChessBase"]
[SourceDate "2011.11.26"]
[SourceVersion "1"]
[SourceVersionDate "2011.11.26"]
[SourceQuality "1"]

1. d4 Nf6 2. Nf3 e6 3. Bf4 b6 4. e3 Bb7 5. Nbd2 Be7 6. h3 c5 7. c3 Nc6 8. Bd3 O-O 9. Qc2 d5 10. Ne5 c4 11. Be2 Nxe5 12. Bxe5 Bd6 13. Nf3 Bxe5 14. Nxe5 Nd7 15. Nxd7 Qxd7 16. f3 Qd6 17. f4 f6 18. O-O-O a5 19. Bf3 b5 20. e4 Qxf4+ 21. Qd2 Qxd2+ 22. Rxd2 dxe4 23. Bd1 f5 24. b3 cxb3 25. axb3 f4 26. Bg4 Bd5 0-1

[Event "Scarborough CC Falling Leaves U1700"]
[Site "Toronto CAN"]
[Date "2009.10.15"]
[Round "6"]
[White "Luo, Yutong"]
[Black "Douglas, Steven"]
[Result "0-1"]
[WhiteElo "1416"]
[BlackElo "1540"]
[PlyCount "82"]
[GameId "2160767910096177"]
[EventDate "2009.11.05"]
[EventType "swiss"]
[EventRounds "7"]
[EventCountry "CAN"]
[SourceTitle "EXT 2011"]
[Source "ChessBase"]
[SourceDate "2011.11.26"]
[SourceVersion "1"]
[SourceVersionDate "2011.11.26"]
[SourceQuality "1"]

1. e4 g6 2. d4 Bg7 3. c4 d6 4. Nc3 Nf6 5. Nf3 O-O 6. Be2 Nbd7 7. O-O e5 8. d5 Nc5 9. Qc2 a5 10. a3 a4 11. Nd2 Ne8 12. b4 axb3 13. Nxb3 Nxb3 14. Qxb3 b6 15. Be3 f5 16. f3 f4 17. Bf2 Nf6 18. Rfc1 g5 19. Na2 h5 20. Nb4 g4 21. Bh4 Bd7 22. Rc2 Ba4 23. Qc3 Bxc2 24. Qxc2 Qe8 25. Nc6 Rf7 26. Bxf6 Bxf6 27. fxg4 hxg4 28. Bxg4 Rg7 29. Be6+ Kh8 30. Qd3 Qh5 31. Rf1 Rf8 32. Rf3 Bh4 33. Kf1 Bg3 34. hxg3 Qh1+ 35. Ke2 Qxg2+ 36. Ke1 Rh7 37. g4 Rh2 38. g5 Kg7 39. Rh3 Qh1+ 40. Qf1 Qxe4+ 41. Kd1 Qb1# 0-1

[Event "Scarborough CC Falling Leaves U1700"]
[Site "Toronto CAN"]
[Date "2009.10.15"]
[Round "6"]
[White "Walker, John"]
[Black "Mahoney, Ian"]
[Result "1-0"]
[WhiteElo "1362"]
[BlackElo "1516"]
[PlyCount "37"]
[GameId "2160767910096178"]
[EventDate "2009.11.05"]
[EventType "swiss"]
[EventRounds "7"]
[EventCountry "CAN"]
[SourceTitle "EXT 2011"]
[Source "ChessBase"]
[SourceDate "2011.11.26"]
[SourceVersion "1"]
[SourceVersionDate "2011.11.26"]
[SourceQuality "1"]

1. d4 e6 2. Nf3 c5 3. e3 d5 4. b3 cxd4 5. exd4 Bb4+ 6. Nbd2 Nf6 7. Bd3 b6 8. O-O Ba6 9. Ne5 Bxd3 10. Nxd3 Bd6 11. Bb2 O-O 12. f4 Nbd7 13. Ne5 Be7 14. Rf3 Nxe5 15. fxe5 Ng4 16. Qe2 Rc8 17. c4 dxc4 18. bxc4 Ba3 19. Rxa3 1-0

[Event "Scarborough CC Falling Leaves U1700"]
[Site "Toronto CAN"]
[Date "2009.10.15"]
[Round "6"]
[White "Xie, Peter"]
[Black "Veecock, Carl"]
[Result "1-0"]
[WhiteElo "1366"]
[BlackElo "1641"]
[PlyCount "87"]
[GameId "2160767910096179"]
[EventDate "2009.11.05"]
[EventType "swiss"]
[EventRounds "7"]
[EventCountry "CAN"]
[SourceTitle "EXT 2011"]
[Source "ChessBase"]
[SourceDate "2011.11.26"]
[SourceVersion "1"]
[SourceVersionDate "2011.11.26"]
[SourceQuality "1"]

1. e4 c6 2. d4 d5 3. Nc3 dxe4 4. Nxe4 Nf6 5. Nxf6+ exf6 6. Nf3 Bd6 7. Bd3 Qe7+ 8. Be3 O-O 9. O-O Re8 10. Re1 Qc7 11. h3 Be6 12. c4 Nd7 13. d5 cxd5 14. cxd5 Bxd5 15. Bxh7+ Kxh7 16. Qxd5 Kg8 17. Rac1 Qb8 18. Red1 Re6 19. Rc4 Nb6 20. Bxb6 axb6 21. Rh4 Ra5 22. Qc4 Be7 23. b4 Rf5 24. Qg4 Rg5 25. Nxg5 fxg5 26. Rh5 g6 27. Rxg5 Bxg5 28. Qxg5 Rd6 29. Rd5 Rxd5 30. Qxd5 Kg7 31. Qd4+ f6 32. Qxb6 Qc8 33. Kh2 Kf7 34. a4 g5 35. b5 Ke7 36. a5 Qb8+ 37. g3 Qa8 38. a6 bxa6 39. bxa6 Kd7 40. Qb7+ Qxb7 41. axb7 Kc7 42. h4 gxh4 43. gxh4 Kxb7 44. h5 1-0

[Event "Scarborough CC Falling Leaves U1700"]
[Site "Toronto CAN"]
[Date "2009.12.10"]
[Round "6"]
[White "Andona, Mary"]
[Black "Souchko, Larissa"]
[Result "0-1"]
[WhiteElo "955"]
[BlackElo "1248"]
[PlyCount "34"]
[GameId "2160767910096180"]
[EventDate "2009.11.05"]
[EventType "swiss"]
[EventRounds "7"]
[EventCountry "CAN"]

1. e4 e5 2. d3 Nc6 3. b3 a6 4. Bb2 Bc5 5. Nf3 Ba7 6. g3 d6 7. Bg2 Nf6 8. O-O Bg4 9. h3 Bxf3 10. Bxf3 h5 11. g4 hxg4 12. Bxg4 Ne7 13. Na3 Neg8 14. d4 Nxe4 15. dxe5 Qg5 16. Qd5 Rxh3 17. Bd4 Qxg4# 0-1

[Event "Scarborough CC Falling Leaves U1700"]
[Site "Toronto CAN"]
[Date "2009.12.10"]
[Round "6"]
[White "Azmitia, Gabriel"]
[Black "Walker, John"]
[Result "1-0"]
[WhiteElo "1467"]
[BlackElo "1476"]
[PlyCount "67"]
[GameId "2160767910096181"]
[EventDate "2009.11.05"]
[EventType "swiss"]
[EventRounds "7"]
[EventCountry "CAN"]
[SourceTitle "EXT 2011"]
[Source "ChessBase"]
[SourceDate "2011.11.26"]
[SourceVersion "1"]
[SourceVersionDate "2011.11.26"]
[SourceQuality "1"]

1. d4 Nf6 2. Nf3 d6 3. b3 Nbd7 4. Bb2 g6 5. e3 Bg7 6. Bc4 O-O 7. O-O h6 8. Nbd2 e5 9. dxe5 dxe5 10. Nxe5 Nb6 11. Bd3 Re8 12. Nef3 g5 13. h3 g4 14. hxg4 Bxg4 15. Qb1 h5 16. c4 Nfd7 17. Bxg7 Kxg7 18. Qb2+ Nf6 19. Be2 Rh8 20. Rfe1 h4 21. Nh2 Bxe2 22. Rxe2 h3 23. g3 Qd7 24. f3 Rag8 25. Kf2 Qd6 26. Ne4 Qc6 27. Qxf6+ Qxf6 28. Nxf6 Kxf6 29. Rd2 Rg6 30. Rh1 Ke7 31. e4 Nd7 32. g4 a5 33. Kg3 a4 34. Rhd1 1-0

[Event "Scarborough CC Falling Leaves U1700"]
[Site "Toronto CAN"]
[Date "2009.12.10"]
[Round "6"]
[White "Dattani, Dinesh"]
[Black "Xie, Peter"]
[Result "1/2-1/2"]
[WhiteElo "1365"]
[BlackElo "1514"]
[PlyCount "69"]
[GameId "2160767910096182"]
[EventDate "2009.11.05"]
[EventType "swiss"]
[EventRounds "7"]
[EventCountry "CAN"]
[SourceTitle "EXT 2011"]
[Source "ChessBase"]
[SourceDate "2011.11.26"]
[SourceVersion "1"]
[SourceVersionDate "2011.11.26"]
[SourceQuality "1"]

1. e4 e5 2. Nf3 Nc6 3. Bb5 a6 4. Ba4 Nf6 5. O-O Be7 6. Bxc6 dxc6 7. h3 O-O 8. Nc3 Bd6 9. d3 h6 10. Be3 c5 11. Qd2 Be6 12. Ne2 Nd7 13. Bxh6 gxh6 14. Qxh6 Qf6 15. Qh5 Qg6 16. Qxg6+ fxg6 17. Ng5 Rae8 18. Ng3 Nb6 19. h4 Bd7 20. Ne2 Kg7 21. g3 Be7 22. Kg2 Bxg5 23. hxg5 Rh8 24. Rh1 Rxh1 25. Rxh1 Rf8 26. Rh4 Be6 27. b3 Rh8 28. f4 Rxh4 29. gxh4 Bg4 30. Kf2 Bxe2 31. Kxe2 exf4 32. Kf3 Nd7 33. Kxf4 Kf7 34. c3 c6 35. d4 1/2-1/2

[Event "Scarborough CC Falling Leaves U1700"]
[Site "Toronto CAN"]
[Date "2009.12.10"]
[Round "6"]
[White "Luo, Yutong"]
[Black "Yusuf, Magas"]
[Result "0-1"]
[WhiteElo "1454"]
[BlackElo "1553"]
[PlyCount "82"]
[GameId "2160767910096184"]
[EventDate "2009.11.05"]
[EventType "swiss"]
[EventRounds "7"]
[EventCountry "CAN"]
[SourceTitle "EXT 2011"]
[Source "ChessBase"]
[SourceDate "2011.11.26"]
[SourceVersion "1"]
[SourceVersionDate "2011.11.26"]
[SourceQuality "1"]

1. e4 e5 2. Nf3 Nc6 3. Bb5 a6 4. Ba4 Nf6 5. O-O b5 6. Bb3 Be7 7. Re1 O-O 8. h3 d6 9. c3 Na5 10. Bc2 c5 11. d4 Qc7 12. Nbd2 Re8 13. Nf1 exd4 14. cxd4 Bb7 15. d5 Nd7 16. Ng3 Nc4 17. b3 Nce5 18. Nxe5 Nxe5 19. f4 Bh4 20. fxe5 Bxg3 21. exd6 Qxd6 22. Rf1 Be5 23. Rb1 Qg6 24. Qf3 Rac8 25. Bf4 Bd4+ 26. Kh1 Bxd5 27. exd5 Qxc2 28. d6 Rcd8 29. Rbe1 Rxe1 30. Rxe1 Qf5 31. Qc6 g5 32. Re8+ Rxe8 33. Qxe8+ Kg7 34. d7 Qb1+ 35. Kh2 Qg1+ 36. Kg3 Qf2+ 37. Kh2 Qxf4+ 38. Kh1 Qf1+ 39. Kh2 Bg1+ 40. Kh1 Bf2+ 41. Kh2 Qg1# 0-1

[Event "Scarborough CC Falling Leaves U1700"]
[Site "Toronto CAN"]
[Date "2009.12.10"]
[Round "6"]
[White "Philip, Andrew"]
[Black "Karpik, Steve"]
[Result "1-0"]
[WhiteElo "1566"]
[BlackElo "1528"]
[PlyCount "57"]
[GameId "2160767910096185"]
[EventDate "2009.11.05"]
[EventType "swiss"]
[EventRounds "7"]
[EventCountry "CAN"]
[SourceTitle "EXT 2011"]
[Source "ChessBase"]
[SourceDate "2011.11.26"]
[SourceVersion "1"]
[SourceVersionDate "2011.11.26"]
[SourceQuality "1"]

1. d4 Nf6 2. Bg5 g6 3. c4 d6 4. Nc3 Bg7 5. e4 O-O 6. Qd2 Nc6 7. Nge2 a6 8. d5 Ne5 9. Ng3 Bd7 10. f4 Neg4 11. h3 Nh6 12. f5 Nxf5 13. exf5 e5 14. fxg6 fxg6 15. O-O-O Qc8 16. Bd3 Qb8 17. h4 b5 18. h5 Bg4 19. Rdg1 Bxh5 20. Nxh5 Nxh5 21. Ne4 bxc4 22. Bxc4 Nf4 23. g3 Nh5 24. Be2 Nf6 25. Bxf6 Bxf6 26. Qh6 Kf7 27. Qxh7+ Ke8 28. Qxg6+ Kd8 29. Nxf6 1-0

[Event "Scarborough CC Falling Leaves U1700"]
[Site "Toronto CAN"]
[Date "2009.12.10"]
[Round "6"]
[White "Super, Russell"]
[Black "Termeer, Ted"]
[Result "0-1"]
[WhiteElo "1530"]
[BlackElo "1430"]
[PlyCount "98"]
[GameId "2160767910096186"]
[EventDate "2009.11.05"]
[EventType "swiss"]
[EventRounds "7"]
[EventCountry "CAN"]
[SourceTitle "EXT 2011"]
[Source "ChessBase"]
[SourceDate "2011.11.26"]
[SourceVersion "1"]
[SourceVersionDate "2011.11.26"]
[SourceQuality "1"]

1. e4 e5 2. Nf3 d6 3. d4 exd4 4. Nxd4 Nf6 5. Nc3 a6 6. Be2 Be7 7. O-O O-O 8. f4 c5 9. Nf3 b5 10. e5 Ne8 11. Be3 Bb7 12. Nd5 Nc6 13. Nxe7+ Qxe7 14. Qd2 dxe5 15. Bf2 Rd8 16. Qe3 e4 17. Ne1 Nd4 18. c3 Nxe2+ 19. Qxe2 f5 20. Nc2 Nf6 21. Ne3 g6 22. Rad1 Rxd1 23. Rxd1 c4 24. Rd4 Rd8 25. Qd1 Rxd4 26. Qxd4 Nd7 27. Nc2 Nf8 28. Qd2 Qd7 29. Qxd7 Nxd7 30. Kf1 Kf7 31. Ke2 Nf6 32. h3 Nd5 33. Be3 Nxe3 34. Kxe3 Kf6 35. Kd4 h6 36. h4 g5 37. g3 gxh4 38. gxh4 Kg6 39. Ke5 Bc8 40. Ne3 Kh5 41. Kf6 Kxh4 42. Kg6 Kg3 43. Nd5 Be6 44. Ne3 Kxf4 45. Nc2 Ke5 46. Kxh6 f4 47. Kh5 e3 48. Kh4 Ke4 49. Ne1 e2 0-1

[Event "Scarborough CC Falling Leaves U1700"]
[Site "Toronto CAN"]
[Date "2009.12.10"]
[Round "6"]
[White "Veecock, Carl"]
[Black "Al Ganabi, Yasir"]
[Result "1-0"]
[WhiteElo "1596"]
[BlackElo "1476"]
[PlyCount "137"]
[GameId "2160767910096187"]
[EventDate "2009.11.05"]
[EventType "swiss"]
[EventRounds "7"]
[EventCountry "CAN"]
[SourceTitle "EXT 2011"]
[Source "ChessBase"]
[SourceDate "2011.11.26"]
[SourceVersion "1"]
[SourceVersionDate "2011.11.26"]
[SourceQuality "1"]

1. Nf3 d5 2. g3 Bg4 3. Bg2 Bxf3 4. Bxf3 Nf6 5. O-O e6 6. d3 Nc6 7. Nd2 Bb4 8. c3 Ba5 9. b4 Bb6 10. e3 O-O 11. d4 e5 12. a4 a5 13. b5 e4 14. bxc6 exf3 15. cxb7 Ra7 16. Nxf3 Rxb7 17. Ne5 Ne4 18. Bb2 Re8 19. Rb1 f6 20. Nd3 Qd7 21. f3 Ng5 22. Bc1 Reb8 23. Nc5 Bxc5 24. Rxb7 Rxb7 25. dxc5 Qc6 26. Ba3 Rb8 27. h4 Ne6 28. Rf2 Nxc5 29. Bxc5 Qxc5 30. Qd4 Qd6 31. Kg2 c5 32. Qd2 Qe6 33. Re2 f5 34. c4 dxc4 35. Qxa5 Rc8 36. Qc3 Ra8 37. a5 Rb8 38. Rb2 Rxb2+ 39. Qxb2 Qxe3 40. Qb8+ Kf7 41. Qb7+ Kg6 42. Qa6+ Kh5 43. Qxc4 Qd2+ 44. Kh3 Qe3 45. Qf7+ Kh6 46. Qxf5 c4 47. f4 g6 48. Qg5+ Kg7 49. a6 c3 50. Qa5 c2 51. Qc7+ Kh6 52. Qxc2 Qe6+ 53. f5 Qxa6 54. Qd2+ Kg7 55. Qd4+ Qf6 56. Qd7+ Kh6 57. Qd2+ g5 58. Qxg5+ Qxg5 59. hxg5+ Kxg5 60. g4 h6 61. Kg3 h5 62. gxh5 Kxh5 63. Kf4 Kh6 64. Ke5 Kg7 65. Ke6 Kf8 66. Kf6 Ke8 67. Ke6 Kf8 68. Kf6 Ke8 69. Kg7 1-0

[Event "Scarborough CC Falling Leaves U1700"]
[Site "Toronto CAN"]
[Date "2009.12.10"]
[Round "6"]
[White "Wang, Jason"]
[Black "Rogers, Michael"]
[Result "1-0"]
[WhiteElo "1030"]
[BlackElo "1450"]
[PlyCount "59"]
[GameId "2160767910096188"]
[EventDate "2009.11.05"]
[EventType "swiss"]
[EventRounds "7"]
[EventCountry "CAN"]
[SourceTitle "EXT 2011"]
[Source "ChessBase"]
[SourceDate "2011.11.26"]
[SourceVersion "1"]
[SourceVersionDate "2011.11.26"]
[SourceQuality "1"]

1. e4 e5 2. Nf3 Nc6 3. d4 exd4 4. Nxd4 Nge7 5. Nc3 Nxd4 6. Qxd4 Nc6 7. Qd1 Bc5 8. Bc4 Qf6 9. Qe2 Nd4 10. Qd2 c6 11. Ne2 d5 12. exd5 O-O 13. Nxd4 Bxd4 14. O-O cxd5 15. Bxd5 Re8 16. c3 Be5 17. Qd3 Bf5 18. Qf3 Rac8 19. Bf4 b6 20. Bxe5 Qxe5 21. Rae1 Qxe1 22. Qxf5 Qe7 23. h3 Rc7 24. Rd1 Qe2 25. Rd3 Qe1+ 26. Kh2 Qe5+ 27. Qxe5 Rxe5 28. Bb3 Re2 29. Rd8+ Re8 30. Rxe8# 1-0

[Event "Scarborough CC Falling Leaves U1700"]
[Site "Toronto CAN"]
[Date "2009.12.10"]
[Round "6"]
[White "Yie, Kevin Yi Xiao"]
[Black "Pishdad, Hassan"]
[Result "0-1"]
[WhiteElo "1009"]
[BlackElo "1442"]
[PlyCount "76"]
[GameId "2160767910096189"]
[EventDate "2009.11.05"]
[EventType "swiss"]
[EventRounds "7"]
[EventCountry "CAN"]
[SourceTitle "EXT 2011"]
[Source "ChessBase"]
[SourceDate "2011.11.26"]
[SourceVersion "1"]
[SourceVersionDate "2011.11.26"]
[SourceQuality "1"]

1. e4 c5 2. Nf3 Nc6 3. d4 cxd4 4. Nxd4 Nf6 5. Nc3 e5 6. Nf3 Bb4 7. Bd3 d5 8. Bd2 Bxc3 9. Bxc3 d4 10. Bd2 O-O 11. O-O a6 12. c3 Re8 13. cxd4 exd4 14. Re1 Bg4 15. h3 Ne5 16. hxg4 Nxd3 17. Re2 Nxe4 18. Rxe4 Rxe4 19. Qc2 Nxf2 20. Kxf2 Rxg4 21. Qf5 Rg6 22. Ba5 b6 23. Bd2 Qc7 24. Bf4 Qe7 25. Rc1 Qe6 26. Qc2 Qg4 27. Kf1 h6 28. Bc7 Rc8 29. Ne5 Qf4+ 30. Kg1 Qe3+ 31. Kh1 Rg5 32. Nf3 Rc5 33. Qf5 Rxc1+ 34. Kh2 R8xc7 35. Qd5 R1c5 36. Qd8+ Kh7 37. Nxd4 Rh5+ 38. Qh4 Rxh4# 0-1

[Event "Scarborough CC Falling Leaves U1700"]
[Site "Toronto CAN"]
[Date "2009.10.22"]
[Round "7"]
[White "Bao, Stephen"]
[Black "Xie, Peter"]
[Result "0-1"]
[WhiteElo "1553"]
[BlackElo "1366"]
[PlyCount "80"]
[GameId "2160767910096190"]
[EventDate "2009.11.05"]
[EventType "swiss"]
[EventRounds "7"]
[EventCountry "CAN"]
[SourceTitle "EXT 2011"]
[Source "ChessBase"]
[SourceDate "2011.11.26"]
[SourceVersion "1"]
[SourceVersionDate "2011.11.26"]
[SourceQuality "1"]

1. e4 e5 2. Nf3 Nc6 3. Bb5 a6 4. Ba4 Nf6 5. O-O Be7 6. Re1 b5 7. Bb3 d6 8. c3 Bg4 9. h3 Bh5 10. a4 O-O 11. axb5 axb5 12. Rxa8 Qxa8 13. Na3 b4 14. Nb5 Qb7 15. Ba4 Ra8 16. b3 Na7 17. Nxa7 Rxa7 18. Qe2 Bg6 19. Qc4 c5 20. d4 Nxe4 21. dxe5 d5 22. Qb5 Nxc3 23. Qe8+ Bf8 24. Bc6 Qe7 25. Qb8 Qc7 26. Qe8 f6 27. Qe6+ Bf7 28. Qg4 Qxc6 29. e6 Bg6 30. Nh4 Re7 31. f4 f5 32. Nxf5 Bxf5 33. Qxf5 Ne4 34. Rd1 d4 35. Re1 Rxe6 36. Qg4 d3 37. f5 Re7 38. Qf3 c4 39. Bg5 Qb6+ 40. Kh1 Nxg5 0-1

[Event "Scarborough CC Falling Leaves U1700"]
[Site "Toronto CAN"]
[Date "2009.10.22"]
[Round "7"]
[White "Farrant, David"]
[Black "Azmitia, Gabriel"]
[Result "0-1"]
[WhiteElo "1468"]
[BlackElo "1428"]
[PlyCount "68"]
[GameId "2160767910096191"]
[EventDate "2009.11.05"]
[EventType "swiss"]
[EventRounds "7"]
[EventCountry "CAN"]
[SourceTitle "EXT 2011"]
[Source "ChessBase"]
[SourceDate "2011.11.26"]
[SourceVersion "1"]
[SourceVersionDate "2011.11.26"]
[SourceQuality "1"]

1. e4 c5 2. Nf3 e6 3. c4 Nc6 4. d4 cxd4 5. Nxd4 Nf6 6. Nc3 d6 7. Be2 Qb6 8. Nxc6 bxc6 9. O-O Qc7 10. Kh1 Bb7 11. f4 Rd8 12. Qe1 a6 13. Qg3 d5 14. e5 Nd7 15. Be3 g6 16. Rac1 Qb8 17. cxd5 cxd5 18. Qf2 Be7 19. Na4 O-O 20. Rc3 Rc8 21. Rfc1 Rxc3 22. Rxc3 Rc8 23. Nc5 Nxc5 24. Bxc5 Bxc5 25. Rxc5 Rc7 26. b4 Qd8 27. h4 h5 28. Qg3 Kh7 29. Rxc7 Qxc7 30. Qd3 Qc1+ 31. Kh2 Qxf4+ 32. g3 Qf2+ 33. Kh3 d4 34. Bf1 Bf3 0-1

[Event "Scarborough CC Falling Leaves U1700"]
[Site "Toronto CAN"]
[Date "2009.10.22"]
[Round "7"]
[White "Karpik, Steve"]
[Black "Hossain, Samir"]
[Result "0-1"]
[WhiteElo "1522"]
[BlackElo "1411"]
[PlyCount "94"]
[GameId "2160767910096192"]
[EventDate "2009.11.05"]
[EventType "swiss"]
[EventRounds "7"]
[EventCountry "CAN"]
[SourceTitle "EXT 2011"]
[Source "ChessBase"]
[SourceDate "2011.11.26"]
[SourceVersion "1"]
[SourceVersionDate "2011.11.26"]
[SourceQuality "1"]

1. Nf3 d5 2. c4 c6 3. b3 Nf6 4. g3 Bf5 5. Bg2 Nbd7 6. O-O e5 7. d3 Be7 8. Bb2 d4 9. Nbd2 O-O 10. Ng5 h6 11. Nge4 Nc5 12. Nxf6+ Bxf6 13. Ba3 Be7 14. Qc1 Ne6 15. Bxe7 Qxe7 16. Ne4 Bxe4 17. Bxe4 f5 18. Bg2 a5 19. a3 Nc5 20. Qc2 a4 21. b4 Nb3 22. Ra2 c5 23. b5 Rac8 24. Bd5+ Kh8 25. e3 b6 26. e4 f4 27. f3 fxg3 28. hxg3 Qg5 29. Qh2 Qe3+ 30. Qf2 Rxf3 31. Qxe3 Rxe3 32. Kg2 Rxd3 33. Raf2 Rd2 34. Rxd2 Nxd2 35. Rf2 Nb1 36. Rf3 Nd2 37. Rf2 Nb1 38. Rf3 Rd8 39. Kh3 Rd6 40. Rf8+ Kh7 41. Bg8+ Kg6 42. Bf7+ Kg5 43. Rg8 Kf6 44. Rf8 Ke7 45. Ra8 Kxf7 46. Rxa4 d3 47. Ra7+ Kg6 0-1

[Event "Scarborough CC Falling Leaves U1700"]
[Site "Toronto CAN"]
[Date "2009.10.22"]
[Round "7"]
[White "Pishdad, Hassan"]
[Black "Rogers, Michael"]
[Result "1-0"]
[WhiteElo "1376"]
[BlackElo "1440"]
[PlyCount "66"]
[GameId "2160767910096193"]
[EventDate "2009.11.05"]
[EventType "swiss"]
[EventRounds "7"]
[EventCountry "CAN"]
[SourceTitle "EXT 2011"]
[Source "ChessBase"]
[SourceDate "2011.11.26"]
[SourceVersion "1"]
[SourceVersionDate "2011.11.26"]
[SourceQuality "1"]

1. e4 e5 2. Nf3 Nc6 3. Bb5 a6 4. Ba4 Nf6 5. Nc3 b5 6. Bb3 Bc5 7. O-O Bb7 8. d3 d6 9. a3 Nd4 10. Ba2 Qd7 11. Bg5 h6 12. Bxf6 gxf6 13. Nd5 Bxd5 14. Bxd5 O-O-O 15. c3 Ne6 16. Nh4 Nf4 17. d4 Bb6 18. Bb3 Rdg8 19. Kh1 Rg4 20. g3 Rhg8 21. Nf5 Nh3 22. Nxh6 exd4 23. Nxg4 Rxg4 24. cxd4 Rxe4 25. Qf3 f5 26. g4 Ng5 27. Qxf5 Qxf5 28. gxf5 Bxd4 29. Ra2 Rf4 30. Kg2 Rg4+ 31. Kh1 Nh3 32. Bd1 Rg5 33. b3 Rxf5 1-0

[Event "Scarborough CC Falling Leaves U1700"]
[Site "Toronto CAN"]
[Date "2009.10.22"]
[Round "7"]
[White "Veecock, Carl"]
[Black "Dattani, Dinesh"]
[Result "1-0"]
[WhiteElo "1641"]
[BlackElo "1412"]
[PlyCount "70"]
[GameId "2160767910096194"]
[EventDate "2009.11.05"]
[EventType "swiss"]
[EventRounds "7"]
[EventCountry "CAN"]
[SourceTitle "EXT 2011"]
[Source "ChessBase"]
[SourceDate "2011.11.26"]
[SourceVersion "1"]
[SourceVersionDate "2011.11.26"]
[SourceQuality "1"]

1. Nf3 Nf6 2. g3 d5 3. Bg2 Nc6 4. O-O e5 5. d3 Bc5 6. c3 h6 7. d4 exd4 8. cxd4 Bb6 9. Nc3 a6 10. Ne5 Bxd4 11. Nxc6 bxc6 12. Qxd4 O-O 13. e4 Bb7 14. exd5 cxd5 15. b3 Re8 16. Bf4 c6 17. Rfe1 Qa5 18. b4 Qd8 19. Rxe8+ Qxe8 20. Be5 Nh5 21. Bd6 Qd7 22. Bc5 Re8 23. a4 Nf6 24. Kf1 Ng4 25. Kg1 Ne5 26. Ne2 Qf5 27. Nf4 g5 28. Nh5 Qg6 29. g4 Bc8 30. f4 Nxg4 31. h3 Ne3 32. Nf6+ Kg7 33. Nxe8+ Kh7 34. Nf6+ Kg7 35. Qxe3 gxf4 1-0

[Event "Scarborough CC Falling Leaves U1700"]
[Site "Toronto CAN"]
[Date "2009.10.22"]
[Round "7"]
[White "Wang, Jason"]
[Black "Yie, Kevin Yi Xiao"]
[Result "0-1"]
[WhiteElo "1011"]
[BlackElo "956"]
[PlyCount "84"]
[GameId "2160767910096196"]
[EventDate "2009.11.05"]
[EventType "swiss"]
[EventRounds "7"]
[EventCountry "CAN"]
[SourceTitle "EXT 2011"]
[Source "ChessBase"]
[SourceDate "2011.11.26"]
[SourceVersion "1"]
[SourceVersionDate "2011.11.26"]
[SourceQuality "1"]

1. e4 e5 2. Nf3 Nc6 3. Bc4 Bc5 4. O-O Nf6 5. Nc3 O-O 6. d3 d6 7. h3 a6 8. a4 Bd7 9. Bg5 h6 10. Bh4 Be6 11. Nd5 Bxd5 12. Bxd5 Rb8 13. a5 Nb4 14. c3 Nbxd5 15. exd5 Qd7 16. d4 exd4 17. Nxd4 Nxd5 18. b4 Bxd4 19. Qxd4 Ne7 20. Rfe1 Ng6 21. Qe4 Rbe8 22. Qc4 Nxh4 23. Qxh4 Qc6 24. Qg3 Re6 25. Re3 Rxe3 26. Qxe3 Re8 27. Qd2 Qe4 28. f3 Qe3+ 29. Qxe3 Rxe3 30. Ra3 d5 31. b5 axb5 32. a6 bxa6 33. Rxa6 Rxc3 34. Ra5 Rb3 35. Ra7 c5 36. Ra8+ Kh7 37. Rc8 c4 38. Rd8 c3 39. Rxd5 c2 40. Rc5 Rb1+ 41. Kf2 c1=Q 42. Rxc1 Rxc1 0-1